000 00311 a2200145 4500
001 60752
020 _a888029119X
040 _cAnchieta - Pituba
240 1 0 _aO livro de ouro de Florença
_lpor
245 1 0 _aO livro de ouro de Florença
300 _a127
362 0 _a1994
650 4 _aArtes
942 _cBK
999 _c60752
_d60752